000 00903cam a22003014a 4500
001 13818185
003 OSt
005 20181017145345.0
008 041217s2005 stka b 001 0 eng
010 _a 2004062930
020 _a0443074453
035 _a(DNLM)101236760
040 _aDNLM/DLC
_cDLC
_dDLC
042 _apcc
050 0 0 _aRS189
_b.W38 2005
060 1 0 _aQV 25
_bW338m 2005
082 0 0 _aQV 21 W29p 2005
_222
100 1 _aWatson, David G.,
_92894
245 1 0 _aPharmaceutical Analysis: a textbook for pharmacy students and pharmaceutical chemists
250 _a2nd ed.
260 _aEdinburgh;
_bElsevier,
_c2005.
300 _axiii, 382 p. :
_bill. ;
_c25 cm.
504 _aIncludes bibliographical references and index.
650 1 2 _aPharmaceutical analysis
_92896
650 2 2 _aPharmaceutics
_92899
906 _a7
_bcbc
_corignew
_d1
_eocip
_f20
_gy-gencatlg
942 _2z
_cSLOAN
999 _c1075
_d1075